000 01025nam a22003257a 4500
003 CHAP
005 20220817040933.0
008 971013s1980 r 00010 d
010 _a3061
011 _a4033
035 _a3234
040 _cCHAP
082 _a574.5
_bD7
100 0 0 _aDrago, Tito.
_934158
245 _aMedio ambiente y desarrollo
_b: una experiencia de información alternativa
260 _aMadrid :
_bCentro Internacional de Formación en Ciencias Ambientales,,
_c1980
300 _a124 p
490 _aCuadernos del CIFCA, 13
500 _aD48-118
590 _aBATCH-UPD
_b10
_c20130110
_lUCH01
_h1024
590 _aBATCH-UPD
_b10
_c20130410
_lUCH01
_h0628
590 _aBATCH-UPD
_b10
_c20130914
_lUCH01
_h1109
590 _aCONVERSION
_b10
_c20130109
_lUCH01
_h1303
650 1 4 _aDesarrollo económico.
650 1 4 _aMedio ambiente.
_974065
830 0 _aCuadernos del CIFCA, 13
_929830
901 _aBK
942 _cLIBRO
949 _a574.5 D7
_bBC
_cLIBRO
_d33724000427985
_eLIBRO
_h79894
_i3234
_mD
_si
999 _c3061
_d3061